Les personnages de True Blood par images - Statistiques

Statistiques générales
  • Ce quiz a été pris 30 fois
  • Le résultat moyen est 11 sur 16
Statistiques - réponses
Par images Réponse % Correct
Eric Northman
95%
Sookie Stackhouse
95%
Jason Stackhouse
91%
Bill Compton
86%
Lafayette Reynolds
86%
Sam Merlotte
86%
Tara Thornton
86%
Jessica Hamby
82%
Pam
82%
Alcide Herveaux
64%
Andy Bellefleur
59%
Maryann Forester
55%
Jesus Velasquez
45%
Nan Flanagan
41%
Russell Edgington
36%
Lettie Mae Thornton
23%
Aucun quiz correspondant
Distribution des résultats
% des personnes avec chaque résultat
Percentile par nombre de réponses
Votre historique - résultats
Vous n’avez pas pris ce quiz